| 000 | 00643nam a2200193 a 4500 | ||
|---|---|---|---|
| 005 | 20141230140210.0 | ||
| 008 | 140130b2008 ck ||||| |||| 00| 0 spa d | ||
| 040 | _cCO-BoIH | ||
| 041 | _aspa | ||
| 044 | _ack | ||
| 090 |
_aIAVH _b01214 |
||
| 100 |
_aSilva, Christian _96021 |
||
| 245 | _aEstudio predial y de tenencia de tierras en la zona del páramo de Chiles, Nariño, como aporte a la consolidación de la implementación del plan de manejo del páramo | ||
| 260 |
_aSan Juan de Pasto _bInstituto Alexander von Humboldt _c2008 |
||
| 300 | _a22 p. | ||
| 662 |
_cPáramo de Chiles _bNariño |
||
| 942 |
_cINFORME _2z |
||
| 945 | _d2008-08-26 | ||
| 999 |
_c6515 _d6515 |
||